000 00548nam a2200193 a 4500
001 1769943201120
003 YourLibrary
005 20260201164119.0
008 260201s2001##################000#0#eng##
020 _a9780195137439
082 0 4 _a302.4
_bASH
100 1 _aAshmore, Richard D.,
_eauthor.
245 1 0 _aSocial Identity, Intergroup Conflict, and Conflict Reduction :
260 _bOxford University Press, USA,
_c2001.
300 _a270 pages
650 0 _aPsychology.
942 _cENGLISH
040 _aYourLibrary
_beng
_cYourLibrary
999 _c609915
_d609915